| 000 | 01704nam a2200337Ia 4500 | ||
|---|---|---|---|
| 001 | u2469 | ||
| 003 | SIRSI | ||
| 005 | 20180220094037.0 | ||
| 008 | 891218s1990 ne a c 101 0 eng d | ||
| 020 | _a0792305736 (U.S. : alk. paper) | ||
| 039 | 9 |
_a200310261228 _beman _y200203190936 _zload |
|
| 040 | _aEAL. | ||
| 050 |
_aQP571.7 _bN38 1988 |
||
| 111 | 2 | 0 |
_aNATO Advanced Research Workshop on Molecular Mechanisms and Consequences of Activation of Hormone and Growth Factor Receptors _d(1988 : _cNauplion, Greece) |
| 245 | 1 | 0 |
_aActivation of hormone and growth factor receptors : _bmolecular mechanisms and consequences / _cedited by Michael N. Alexis and Constantin E. Sekeris. |
| 260 | 0 |
_aDordrecht ; _aBoston : _bKluwer Academic Publishers, _cc1990. |
|
| 300 |
_axxi, 320 p. : _bill. ; _c25 cm. |
||
| 440 | 0 |
_aNATO ASI series. _nSeries C, _pMathematical and physical sciences ; _vno. 295 |
|
| 500 | _a"Proceedings of the NATO Advanced Research Workshop on Molecular Mechanisms and Consequences of Activation of Hormone and Growth Factor Receptors, held in Nafplion, Greece, September 25-30, 1988"--T.p. verso. | ||
| 500 | _a"Published in cooperation with NATO Scientific Affairs Division." | ||
| 504 | _aIncludes bibliographical references and index. | ||
| 596 | _a1 | ||
| 650 | 0 |
_aHormone receptors _vCongresses. |
|
| 650 | 0 |
_aGrowth factors _xReceptors _vCongresses. |
|
| 650 | 0 |
_aCellular signal transduction _vCongresses. |
|
| 650 | 0 |
_aGene expression _vCongresses. |
|
| 700 | 1 | 0 |
_aAlexis, Michael N., _d1951- |
| 700 | 1 | 0 |
_aSekeris, Constantin E., _d1933- |
| 710 | 2 | 0 |
_aNorth Atlantic Treaty Organization. _bScientific Affairs Division. |
| 942 |
_cBK _2lcc |
||
| 999 |
_c28729 _d28729 |
||